000 00586nam a2200217Ii 4500
003 JO-AjNU
008 230606s9999||||xx |||||||||||||| ||und||
020 _a0-07-226-170-6
040 _aJO-AjNU
_beng
_erda
_cJO-AjNU
041 _aeng
050 1 4 _aQA76.73.2006
100 3 _aKent,Jeff,
_eauthor
_9963
245 0 0 _aVISUAL C# 2005 Demystified
250 _a1 ed
264 3 1 _aLondon: mcgraw-hill.2006
300 _a330p
336 _atext
_btxt
_2rdacontent
337 _aunmediated
_bn
_2rdamedia
338 _avolume
_bnc
_2rdacarrier
650 4 _aVISUAL C# 2005 Demystified
_9964
999 _aE507
_c507
_d507